Vplyv požiarov na dostupnosť nutrientov v pôde

Saved in:
Bibliographic Details
Main Author: Holosová, Dominika, 1991- (Author)
Other Authors: Sirotiak, Maroš, 1979- (Thesis advisor)
Format: Manuscript Book
Language:Slovak
Published: 2015
Subjects:
Online Access:http://is.stuba.sk/zp/portal_zp.pl?podrobnosti=109940
Tags: Add Tag
No Tags, Be the first to tag this record!

MARC

LEADER 00000ntm a22000003a 4500
001 stuzp51351
003 SK-STU
005 20160719153829.4
007 ta
008 150427s2015----xo-----f-mn---000-0-slo-d
040 |a STU  |b slo 
041 0 |a slo 
100 1 |a Holosová, Dominika,  |d 1991-  |u 065000  |4 aut  |U MTF Materiálovotechnologická fakulta  |T MTF Ústav bezpečnosti, environmentu a kvality  |X 6468  |U M5000  |Y 85  |7 A000006468 
242 0 1 |a The impact of fire on the nutrients availability in soil  |y eng 
245 1 0 |a Vplyv požiarov na dostupnosť nutrientov v pôde 
260 |c 2015 
650 4 |a požiar  |2 slo 
650 4 |a nutrienty  |2 slo 
650 4 |a dusík  |2 slo 
650 4 |a fosfor  |2 slo 
650 4 |a pôda  |2 slo 
650 4 |a fire  |2 eng 
650 4 |a nutrients  |2 eng 
650 4 |a nitrogen  |2 eng 
650 4 |a phosphorus  |2 eng 
650 4 |a soil  |2 eng 
700 1 |a Sirotiak, Maroš,  |d 1979-  |4 ths  |X 3580  |7 A000003580 
856 4 |u http://is.stuba.sk/zp/portal_zp.pl?podrobnosti=109940 
996 |c M* DP-12479  |l MMSKP  |s P  |a 0  |w stuzp51351_0001 
SQL |a stuzp51351  |b DDP  |c SLO  |d Vplyv požiarov na dostupnosť nutrientov v pôde  |e 6468  |f Holosová, Dominika  |g 065000  |h 3580  |i Sirotiak, Maroš  |j 20150602  |k 670  |l 06  |m http://is.stuba.sk/zp/portal_zp.pl?podrobnosti=109940  |n I-IBE  |o 8.3.5. bezpečnosť a ochrana zdravia pri práci